000 00569nam a2200169Ia 4500
008 090711s9999 xx 000 0 und d
082 _b49378
100 _aगुजर के. के.
245 _aदिवाणी कायद्याSाा सोबती
260 _c1984
300 _a195
600 _aगुजर के. के.
630 _aदिवाणी कायद्याSाा सोबती
700 _aगुजर के. के.
730 _aदिवाणी कायद्याSाा सोबती
942 _cBOOK
999 _c312986
_d312986